[Event "DVM U20w 2020"]
[Site "Willingen GER"]
[Date "2021.06.27"]
[Round "7"]
[White "Wagner, Margarethe"]
[Black "Dietz, Kristin"]
[Result "0-1"]
[Termination "normal"]
[Board "2.1"]
[WhiteElo "1841"]
[BlackElo "1911"]
[WhiteClock "00:06:20"]
[BlackClock "00:58:16"]
[WhiteTeam "Erfurter Schachklub"]
[BlackTeam "USV Halle"]
[PlyCount "62"]
[WhiteFideId "16236947"]
[BlackFideId "12993743"]
[EventCountry "GER"]
[EventRounds "7"]
[EventType "team-swiss"]
[EventDate "2021.06.23"]

1. e4 {[%emt 00:00:02]} 1... c5 {[%clk 01:30:56] [%emt 00:00:03]} 2. Nf3 {
[%clk 01:31:21] [%emt 00:00:08]} 2... e6 {[%clk 01:31:18] [%emt 00:00:07]} 3.
d4 {[%clk 01:31:46] [%emt 00:00:05]} 3... cxd4 {[%clk 01:31:45] [%emt 00:00:04]
} 4. Nxd4 {[%clk 01:32:09] [%emt 00:00:07]} 4... a6 { [%clk 01:32:07] [%emt
00:00:06]} 5. Bd3 {[%clk 01:32:16] [%emt 00:00:25]} 5... g6 {[%clk 01:32:12]
[%emt 00:00:24]} 6. O-O {[%clk 01:31:05] [%emt 00:01:42]} 6... Bg7 {[%clk
01:32:36] [%emt 00:00:07]} 7. Nf3 { [%clk 01:30:34] [%emt 00:01:01]} 7... Ne7
{[%clk 01:31:59] [%emt 00:01:07]} 8. c4 {[%clk 01:26:38] [%emt 00:04:26]} 8...
O-O {[%clk 01:31:45] [%emt 00:00:43]} 9. Nc3 {[%clk 01:23:15] [%emt 00:03:53]}
9... Nbc6 { [%clk 01:30:22] [%emt 00:01:53]} 10. Qe2 {[%clk 01:20:48] [%emt
00:02:57]} 10... d5 {[%clk 01:27:19] [%emt 00:03:33]} 11. cxd5 { [%clk
01:09:55] [%emt 00:11:23]} 11... exd5 {[%clk 01:27:37] [%emt 00:00:12]} 12. Bg5
{[%clk 01:08:19] [%emt 00:02:07]} 12... d4 { [%clk 01:25:38] [%emt 00:02:29]}
13. Nd5 {[%clk 01:05:08] [%emt 00:03:41]} 13... f6 {[%clk 01:21:33] [%emt
00:04:35]} 14. Nxe7+ { [%clk 00:55:59] [%emt 00:09:37]} 14... Qxe7 {[%clk
01:21:45] [%emt 00:00:19]} 15. Bh4 {[%clk 00:52:37] [%emt 00:03:52]} 15... Qf7
{ [%clk 01:15:27] [%emt 00:06:48]} 16. a3 {[%clk 00:46:39] [%emt 00:06:29]}
16... Be6 {[%clk 01:11:57] [%emt 00:03:59]} 17. Bg3 {[%clk 00:42:37] [%emt
00:04:33]} 17... Rfd8 {[%clk 01:07:47] [%emt 00:04:38]} 18. Bc7 { [%clk
00:39:07] [%emt 00:04:00]} 18... Qxc7 {[%clk 01:07:11] [%emt 00:01:06]} 19.
Rac1 {[%clk 00:38:28] [%emt 00:01:10]} 19... Qf7 { [%clk 01:06:48] [%emt
00:00:52]} 20. h3 {[%clk 00:36:48] [%emt 00:02:11]} 20... Ne5 {[%clk 01:03:41]
[%emt 00:03:37]} 21. Nd2 {[%clk 00:30:48] [%emt 00:06:31]} 21... Nxd3 {[%clk
01:03:23] [%emt 00:00:47]} 22. Qxd3 { [%clk 00:31:09] [%emt 00:00:08]} 22... f5
{[%clk 01:03:13] [%emt 00:00:40]} 23. Rfe1 {[%clk 00:21:48] [%emt 00:09:52]}
23... fxe4 { [%clk 01:02:03] [%emt 00:01:40]} 24. Nxe4 {[%clk 00:21:18] [%emt
00:00:59]} 24... Bf5 {[%clk 01:02:00] [%emt 00:00:34]} 25. Qg3 { [%clk
00:19:22] [%emt 00:02:26]} 25... Bxe4 {[%clk 00:58:40] [%emt 00:03:50]} 26.
Rxe4 {[%clk 00:17:34] [%emt 00:02:17]} 26... d3 { [%clk 00:58:10] [%emt
00:01:01]} 27. Rc7 {[%clk 00:12:04] [%emt 00:06:00]} 27... d2 {[%clk 00:58:02]
[%emt 00:00:38]} 28. Rxf7 { [%clk 00:09:50] [%emt 00:02:43]} 28... d1=Q+ {[%clk
00:58:25] [%emt 00:00:08]} 29. Kh2 {[%clk 00:10:13] [%emt 00:00:07]} 29... Kxf7
{ [%clk 00:58:28] [%emt 00:00:26]} 30. Qc7+ {[%clk 00:07:59] [%emt 00:02:45]}
30... Kg8 {[%clk 00:57:58] [%emt 00:01:00]} 31. Qc4+ { [%clk 00:06:20] [%emt
00:02:08]} 31... Qd5 {[%clk 00:58:16] [%emt 00:00:13]} 0-1

[Event "DVM U20w 2020"]
[Site "Willingen GER"]
[Date "2021.06.27"]
[Round "7"]
[White "Pohle, Saskia"]
[Black "Wagner, Victoria"]
[Result "1/2-1/2"]
[Termination "normal"]
[Board "2.2"]
[WhiteElo "1815"]
[BlackElo "1727"]
[WhiteClock "00:18:08"]
[BlackClock "00:04:43"]
[WhiteTeam "USV Halle"]
[BlackTeam "Erfurter Schachklub"]
[PlyCount "119"]
[WhiteFideId "16201604"]
[BlackFideId "16232348"]
[EventCountry "GER"]
[EventRounds "7"]
[EventType "team-swiss"]
[EventDate "2021.06.23"]

1. e4 {[%emt 00:00:02]} 1... c5 {[%clk 01:30:55] [%emt 00:00:04]} 2. Nf3 {
[%clk 01:31:25] [%emt 00:00:03]} 2... d6 {[%clk 01:31:18] [%emt 00:00:07]} 3.
d4 {[%clk 01:31:51] [%emt 00:00:04]} 3... cxd4 {[%clk 01:31:45] [%emt 00:00:04]
} 4. Nxd4 {[%clk 01:32:16] [%emt 00:00:04]} 4... Nf6 { [%clk 01:32:07] [%emt
00:00:08]} 5. Nc3 {[%clk 01:32:43] [%emt 00:00:04]} 5... a6 {[%clk 01:32:29]
[%emt 00:00:08]} 6. Bg5 {[%clk 01:33:05] [%emt 00:00:07]} 6... Nbd7 {[%clk
01:32:02] [%emt 00:00:58]} 7. f4 { [%clk 01:33:25] [%emt 00:00:10]} 7... Qc7
{[%clk 01:32:01] [%emt 00:00:31]} 8. Qf3 {[%clk 01:33:50] [%emt 00:00:05]} 8...
b5 {[%clk 01:29:39] [%emt 00:02:52]} 9. O-O-O {[%clk 01:34:05] [%emt 00:00:15]}
9... Bb7 { [%clk 01:29:37] [%emt 00:00:32]} 10. Bd3 {[%clk 01:34:20] [%emt
00:00:16]} 10... g6 {[%clk 01:26:28] [%emt 00:03:38]} 11. g4 { [%clk 01:28:04]
[%emt 00:06:45]} 11... Bg7 {[%clk 01:22:53] [%emt 00:04:06]} 12. Be2 {[%clk
01:23:45] [%emt 00:04:49]} 12... Rc8 { [%clk 01:19:44] [%emt 00:03:39]} 13.
Bxf6 {[%clk 01:15:49] [%emt 00:08:26]} 13... Nxf6 {[%clk 01:14:03] [%emt
00:06:11]} 14. Bd3 { [%clk 01:05:23] [%emt 00:10:56]} 14... Nd7 {[%clk
00:57:09] [%emt 00:17:24]} 15. Nce2 {[%clk 01:00:43] [%emt 00:05:10]} 15... Nc5
{ [%clk 00:53:07] [%emt 00:04:31]} 16. f5 {[%clk 00:54:25] [%emt 00:06:48]}
16... Nxd3+ {[%clk 00:46:21] [%emt 00:07:17]} 17. Qxd3 { [%clk 00:52:12] [%emt
00:02:43]} 17... Qc4 {[%clk 00:46:21] [%emt 00:00:30]} 18. Kb1 {[%clk 00:43:00]
[%emt 00:09:41]} 18... O-O { [%clk 00:38:32] [%emt 00:08:20]} 19. Qe3 {[%clk
00:40:15] [%emt 00:03:13]} 19... Qc5 {[%clk 00:24:53] [%emt 00:14:10]} 20. Rd2
{ [%clk 00:29:00] [%emt 00:11:46]} 20... Qe5 {[%clk 00:19:19] [%emt 00:05:59]}
21. Ng3 {[%clk 00:28:14] [%emt 00:01:20]} 21... d5 { [%clk 00:18:29] [%emt
00:01:21]} 22. Re1 {[%clk 00:27:17] [%emt 00:01:26]} 22... dxe4 {[%clk
00:15:35] [%emt 00:03:24]} 23. Nxe4 { [%clk 00:26:46] [%emt 00:01:01]} 23...
Rfd8 {[%clk 00:14:55] [%emt 00:01:11]} 24. c3 {[%clk 00:24:29] [%emt 00:02:47]}
24... b4 { [%clk 00:12:30] [%emt 00:02:54]} 25. Qf3 {[%clk 00:14:09] [%emt
00:10:50]} 25... bxc3 {[%clk 00:11:00] [%emt 00:02:00]} 26. bxc3 { [%clk
00:14:28] [%emt 00:00:12]} 26... Qc7 {[%clk 00:08:54] [%emt 00:02:32]} 27. fxg6
{[%clk 00:11:08] [%emt 00:03:53]} 27... hxg6 { [%clk 00:06:52] [%emt 00:02:31]}
28. Rd3 {[%clk 00:02:51] [%emt 00:08:46]} 28... Bd5 {[%clk 00:03:04] [%emt
00:04:18]} 29. Nb3 { [%clk 00:01:37] [%emt 00:01:45]} 29... Qb7 {[%clk
00:02:19] [%emt 00:01:12]} 30. Kc2 {[%clk 00:01:27] [%emt 00:00:44]} 30... Bxe4
{ [%clk 00:02:04] [%emt 00:00:44]} 31. Qxe4 {[%clk 00:01:08] [%emt 00:00:49]}
31... Qxe4 {[%clk 00:02:16] [%emt 00:00:17]} 32. Rxe4 { [%clk 00:01:34] [%emt
00:00:07]} 32... Rxd3 {[%emt 00:00:07]} 33. Kxd3 { [%clk 00:01:55] [%emt
00:00:08]} 33... Rxc3+ {[%clk 00:03:01] [%emt 00:00:08]} 34. Kd2 {[%clk
00:02:20] [%emt 00:00:04]} 34... Rh3 { [%clk 00:02:30] [%emt 00:01:02]} 35. Re2
{[%clk 00:01:44] [%emt 00:01:06]} 35... Bh6+ {[%clk 00:01:54] [%emt 00:01:04]}
36. Kc2 { [%clk 00:01:50] [%emt 00:00:25]} 36... Bf4 {[%clk 00:01:57] [%emt
00:00:25]} 37. Rxe7 {[%clk 00:01:47] [%emt 00:00:34]} 37... Rxh2+ { [%clk
00:02:11] [%emt 00:00:16]} 38. Kb1 {[%clk 00:01:57] [%emt 00:00:19]} 38... Rg2
{[%clk 00:01:18] [%emt 00:01:26]} 39. Nc5 { [%clk 00:00:45] [%emt 00:01:41]}
39... Rg1+ {[%clk 00:01:01] [%emt 00:00:46]} 40. Kb2 {[%clk 00:00:57] [%emt
00:00:18]} 40... Rxg4 { [%clk 00:01:02] [%emt 00:00:29]} 41. Nxa6 {[%clk
00:01:11] [%emt 00:00:17]} 41... Kf8 {[%clk 00:29:13] [%emt 00:02:18]} 42. Re2
{ [%clk 00:31:02] [%emt 00:00:40]} 42... Bd6 {[%clk 00:28:11] [%emt 00:01:30]}
43. Kb3 {[%clk 00:29:43] [%emt 00:01:50]} 43... g5 { [%clk 00:25:36] [%emt
00:03:06]} 44. Rd2 {[%clk 00:26:28] [%emt 00:03:44]} 44... Ke7 {[%clk 00:24:33]
[%emt 00:01:34]} 45. a4 { [%clk 00:22:59] [%emt 00:03:59]} 45... Ke6 {[%clk
00:21:38] [%emt 00:03:26]} 46. a5 {[%emt 00:04:52]} 46... f5 47. Re2+ {[%clk
00:18:27] [%emt 00:02:02]} 47... Kd5 {[%clk 00:18:43] [%emt 00:02:33]} 48. Rf2
{ [%clk 00:18:22] [%emt 00:00:35]} 48... Rf4 {[%clk 00:16:41] [%emt 00:02:33]}
49. Rc2 {[%clk 00:18:28] [%emt 00:00:23]} 49... Rf3+ { [%clk 00:14:43] [%emt
00:02:24]} 50. Ka4 {[%clk 00:18:44] [%emt 00:00:17]} 50... Ra3+ {[%clk
00:14:21] [%emt 00:00:51]} 51. Kb5 { [%clk 00:19:08] [%emt 00:00:07]} 51...
Rb3+ {[%clk 00:14:43] [%emt 00:00:07]} 52. Ka4 {[%clk 00:19:20] [%emt
00:00:18]} 52... Rb7 { [%clk 00:14:59] [%emt 00:00:12]} 53. Rf2 {[%clk
00:18:24] [%emt 00:01:28]} 53... Ke6 {[%clk 00:12:36] [%emt 00:02:52]} 54. Re2+
{ [%clk 00:18:37] [%emt 00:00:18]} 54... Kf6 {[%clk 00:12:29] [%emt 00:00:37]}
55. Rd2 {[%clk 00:18:27] [%emt 00:00:40]} 55... Ke7 { [%clk 00:08:33] [%emt
00:04:27]} 56. Re2+ {[%clk 00:17:55] [%emt 00:01:03]} 56... Kf6 {[%clk
00:07:55] [%emt 00:01:08]} 57. Rd2 { [%clk 00:17:40] [%emt 00:00:44]} 57... Ke6
{[%clk 00:05:01] [%emt 00:03:19]} 58. Re2+ {[%clk 00:17:54] [%emt 00:00:23]}
58... Kf7 { [%clk 00:04:47] [%emt 00:00:40]} 59. Rd2 {[%clk 00:17:51] [%emt
00:00:37]} 59... Ke7 {[%clk 00:04:43] [%emt 00:00:31]} 60. Re2+ { [%clk
00:18:08] [%emt 00:00:15]} 1/2-1/2

[Event "DVM U20w 2020"]
[Site "Willingen GER"]
[Date "2021.06.27"]
[Round "7"]
[White "Krömer, Paulina"]
[Black "Voigt, Anastasia"]
[Result "0-1"]
[Termination "normal"]
[Board "2.3"]
[WhiteElo "1539"]
[BlackElo "1738"]
[WhiteClock "00:23:33"]
[BlackClock "00:52:42"]
[WhiteTeam "Erfurter Schachklub"]
[BlackTeam "USV Halle"]
[PlyCount "108"]
[WhiteFideId "16212363"]
[BlackFideId "16235223"]
[EventCountry "GER"]
[EventRounds "7"]
[EventType "team-swiss"]
[EventDate "2021.06.23"]

1. d4 {[%emt 00:00:01]} 1... d5 {[%clk 01:30:56]  [%emt 00:00:04]} 2. Nf3 {
[%clk 01:31:26]  [%emt 00:00:03]} 2... Nf6 {[%clk 01:31:21]  [%emt 00:00:04]}
3. e3 {[%clk 01:31:53]  [%emt 00:00:04]} 3... c5 { [%clk 01:31:39]  [%emt
00:00:11]} 4. b3 {[%clk 01:31:38]  [%emt 00:00:45]} 4... Nc6 {[%clk 01:31:25] 
[%emt 00:00:44]} 5. Bb2 {[%clk 01:31:13]  [%emt 00:00:55] } 5... e6 {[%clk
01:30:57]  [%emt 00:00:57]} 6. Bd3 { [%clk 01:30:18]  [%emt 00:01:25]} 6... Be7
{[%clk 01:29:58]  [%emt 00:01:28]} 7. O-O {[%clk 01:30:20]  [%emt 00:00:30]}
7... O-O { [%clk 01:30:04]  [%emt 00:00:24]} 8. Nbd2 {[%clk 01:28:18]  [%emt
00:02:32]} 8... b6 {[%clk 01:29:18]  [%emt 00:01:15]} 9. Re1 { [%clk 01:21:03] 
[%emt 00:07:45]} 9... Bb7 {[%clk 01:25:52]  [%emt 00:03:56]} 10. Nf1 {[%clk
01:15:36]  [%emt 00:05:57]} 10... Qc7 { [%clk 01:22:23]  [%emt 00:03:58]} 11.
Ng3 {[%clk 01:11:47]  [%emt 00:04:20]} 11... Rfd8 {[%clk 01:17:36]  [%emt
00:05:16]} 12. c3 { [%clk 01:04:59]  [%emt 00:07:19]} 12... e5 {[%clk 01:15:50]
 [%emt 00:02:16]} 13. dxe5 {[%clk 01:02:52]  [%emt 00:02:38]} 13... Nxe5 {
[%clk 01:16:07]  [%emt 00:00:12]} 14. Nxe5 {[%clk 01:01:41]  [%emt 00:01:41]}
14... Qxe5 {[%clk 01:15:53]  [%emt 00:00:44]} 15. Qc2 { [%clk 01:00:44]  [%emt
00:01:27]} 15... Qc7 {[%clk 01:13:38]  [%emt 00:02:42]} 16. Rac1 {[%clk
00:50:52]  [%emt 00:10:24]} 16... Bd6 { [%clk 01:10:49]  [%emt 00:03:19]} 17.
Rcd1 {[%clk 00:41:21]  [%emt 00:10:02]} 17... h6 {[%clk 01:09:27]  [%emt
00:01:51]} 18. c4 { [%clk 00:39:24]  [%emt 00:02:28]} 18... Be5 {[%clk
01:08:20]  [%emt 00:01:37]} 19. Bxe5 {[%clk 00:35:50]  [%emt 00:04:05]} 19...
Qxe5 { [%clk 01:08:32]  [%emt 00:00:17]} 20. cxd5 {[%clk 00:36:13]  [%emt
00:00:08]} 20... Bxd5 {[%clk 01:07:21]  [%emt 00:01:40]} 21. f4 { [%clk
00:33:06]  [%emt 00:03:37]} 21... Qc7 {[%clk 01:05:23]  [%emt 00:02:25]} 22. e4
{[%clk 00:25:44]  [%emt 00:07:56]} 22... Bb7 { [%clk 01:05:07]  [%emt
00:00:44]} 23. e5 {[%clk 00:23:38]  [%emt 00:02:37]} 23... Nd5 {[%clk 01:04:03]
 [%emt 00:01:34]} 24. f5 { [%clk 00:21:12]  [%emt 00:02:57]} 24... Nb4 {[%clk
01:01:17]  [%emt 00:03:13]} 25. Qe2 {[%clk 00:20:12]  [%emt 00:01:32]} 25...
Rxd3 { [%clk 00:58:05]  [%emt 00:03:42]} 26. Rxd3 {[%clk 00:15:02]  [%emt
00:05:40]} 26... Ba6 {[%clk 00:55:23]  [%emt 00:03:12]} 27. Qf3 { [%clk
00:14:46]  [%emt 00:00:46]} 27... Bb7 {[%clk 00:54:34]  [%emt 00:01:18]} 28.
Qd1 {[%clk 00:14:31]  [%emt 00:00:45]} 28... Nxd3 { [%clk 00:54:30]  [%emt
00:00:35]} 29. Qxd3 {[%clk 00:14:58]  [%emt 00:00:03]} 29... Rd8 {[%clk
00:53:33]  [%emt 00:01:25]} 30. Qe2 { [%clk 00:14:41]  [%emt 00:00:49]} 30...
Re8 {[%clk 00:48:13]  [%emt 00:05:49]} 31. Nh5 {[%clk 00:12:06]  [%emt
00:03:06]} 31... Kh8 { [%clk 00:44:53]  [%emt 00:03:49]} 32. e6 {[%clk
00:07:46]  [%emt 00:04:51]} 32... fxe6 {[%clk 00:43:28]  [%emt 00:01:54]} 33.
fxe6 { [%clk 00:08:06]  [%emt 00:00:13]} 33... Qd6 {[%clk 00:41:57]  [%emt
00:01:55]} 34. Qf2 {[%clk 00:04:51]  [%emt 00:03:49]} 34... Qd4 { [%clk
00:34:47]  [%emt 00:07:38]} 35. e7 {[%clk 00:05:00]  [%emt 00:00:24]} 35...
Qxf2+ {[%clk 00:34:09]  [%emt 00:01:07]} 36. Kxf2 { [%clk 00:05:29]  [%emt
00:00:01]} 36... Kg8 {[%clk 00:33:49]  [%emt 00:00:49]} 37. Re6 {[%clk
00:02:28]  [%emt 00:03:32]} 37... Kf7 { [%clk 00:32:51]  [%emt 00:01:25]} 38.
Nf4 {[%clk 00:01:44]  [%emt 00:01:16]} 38... Rxe7 {[%clk 00:32:24]  [%emt
00:00:57]} 39. Rd6 { [%clk 00:01:59]  [%emt 00:00:16]} 39... Be4 {[%clk
00:31:09]  [%emt 00:01:44]} 40. Nd5 {[%clk 00:01:25]  [%emt 00:01:03]} 40...
Bxd5 { [%clk 00:30:55]  [%emt 00:00:45]} 41. Rxd5 {[%clk 00:29:09]  [%emt
00:02:46]} 41... Kf6 {[%clk 01:00:33]  [%emt 00:00:51]} 42. Rd3 { [%clk
00:28:25]  [%emt 00:01:14]} 42... Rf7 {[%clk 00:59:58]  [%emt 00:01:04]} 43.
Re3 {[%clk 00:25:57]  [%emt 00:03:00]} 43... Rd7 { [%clk 00:59:25]  [%emt
00:01:02]} 44. Ke2 {[%clk 00:26:03]  [%emt 00:00:23]} 44... Re7 {[%clk
00:59:22]  [%emt 00:00:32]} 45. Rxe7 { [%clk 00:26:19]  [%emt 00:00:16]} 45...
Kxe7 {[%clk 00:59:47]  [%emt 00:00:06]} 46. Kd3 {[%clk 00:26:43]  [%emt
00:00:06]} 46... Ke6 { [%clk 00:59:18]  [%emt 00:00:59]} 47. Kc4 {[%clk
00:25:21]  [%emt 00:01:52]} 47... a6 {[%clk 00:59:25]  [%emt 00:00:23]} 48. a4
{ [%clk 00:25:47]  [%emt 00:00:04]} 48... Kd6 {[%clk 00:58:46]  [%emt
00:01:08]} 49. Kc3 {[%clk 00:25:02]  [%emt 00:01:16]} 49... Kd5 { [%clk
00:57:58]  [%emt 00:01:18]} 50. Kd3 {[%clk 00:24:17]  [%emt 00:01:15]} 50... b5
{[%clk 00:57:56]  [%emt 00:00:31]} 51. axb5 { [%clk 00:24:08]  [%emt 00:00:39]}
51... axb5 {[%clk 00:58:18]  [%emt 00:00:09]} 52. Ke3 {[%clk 00:23:27]  [%emt
00:01:12]} 52... c4 { [%clk 00:58:17]  [%emt 00:00:31]} 53. Kd2 {[%clk
00:23:43]  [%emt 00:00:14]} 53... Kd4 {[%clk 00:57:39]  [%emt 00:01:07]} 54.
Kc2 { [%clk 00:23:33]  [%emt 00:00:40]} 54... c3 {[%clk 00:52:42]  [%emt
00:05:28]} 0-1

[Event "DVM U20w 2020"]
[Site "Willingen GER"]
[Date "2021.06.27"]
[Round "7"]
[White "Stowicek, Yara Mathilda"]
[Black "Pflugradt, Natalie"]
[Result "1-0"]
[Termination "normal"]
[Board "2.4"]
[WhiteElo "1736"]
[BlackElo "1539"]
[WhiteClock "00:29:09"]
[BlackClock "00:22:57"]
[WhiteTeam "USV Halle"]
[BlackTeam "Erfurter Schachklub"]
[PlyCount "49"]
[WhiteFideId "16203569"]
[BlackFideId "16212444"]
[EventCountry "GER"]
[EventRounds "7"]
[EventType "team-swiss"]
[EventDate "2021.06.23"]

1. e4 {[%clk 01:30:57]  [%emt 00:00:03]} 1... e5 { [%clk 01:30:55]  [%emt
00:00:05]} 2. Nf3 {[%clk 01:31:20]  [%emt 00:00:07]} 2... Nc6 {[%clk 01:31:21] 
[%emt 00:00:04]} 3. Bc4 { [%clk 01:31:41]  [%emt 00:00:09]} 3... Bc5 {[%clk
01:31:46]  [%emt 00:00:05]} 4. c3 {[%clk 01:31:54]  [%emt 00:00:17]} 4... Nf6 {
[%clk 01:32:11]  [%emt 00:00:05]} 5. d3 {[%clk 01:32:07]  [%emt 00:00:17]} 5...
d6 {[%clk 01:32:25]  [%emt 00:00:17]} 6. Nbd2 {[%clk 01:32:14]  [%emt 00:00:22]
} 6... a6 {[%clk 01:32:41]  [%emt 00:00:14]} 7. Bb3 { [%clk 01:32:34]  [%emt
00:00:09]} 7... Ba7 {[%clk 01:32:41]  [%emt 00:00:32]} 8. Nf1 {[%clk 01:31:20] 
[%emt 00:01:44]} 8... h6 { [%clk 01:32:35]  [%emt 00:00:36]} 9. Ng3 {[%clk
01:27:08]  [%emt 00:04:42]} 9... Be6 {[%clk 01:27:57]  [%emt 00:05:08]} 10. Bc2
{ [%clk 01:27:00]  [%emt 00:00:37]} 10... Qc8 {[%clk 01:22:29]  [%emt
00:05:58]} 11. Be3 {[%clk 01:23:04]  [%emt 00:04:26]} 11... Ne7 { [%clk
01:17:37]  [%emt 00:05:22]} 12. O-O {[%clk 01:21:56]  [%emt 00:01:37]} 12...
O-O {[%clk 01:17:19]  [%emt 00:00:49]} 13. h3 { [%clk 01:19:35]  [%emt
00:02:51]} 13... Ng6 {[%clk 01:15:35]  [%emt 00:02:14]} 14. Nh2 {[%clk
01:18:36]  [%emt 00:01:29]} 14... c6 { [%clk 01:08:58]  [%emt 00:07:07]} 15. d4
{[%clk 01:16:08]  [%emt 00:02:59]} 15... Bb8 {[%clk 01:00:08]  [%emt 00:09:19]}
16. f4 { [%clk 01:00:10]  [%emt 00:16:28]} 16... exf4 {[%clk 00:44:53]  [%emt
00:15:45]} 17. Bxf4 {[%clk 00:57:29]  [%emt 00:03:11]} 17... Nxf4 { [%clk
00:44:09]  [%emt 00:01:14]} 18. Rxf4 {[%clk 00:57:51]  [%emt 00:00:08]} 18...
Ne8 {[%clk 00:39:04]  [%emt 00:05:35]} 19. Qd3 { [%clk 00:55:29]  [%emt
00:02:52]} 19... g6 {[%clk 00:35:02]  [%emt 00:04:33]} 20. Raf1 {[%clk
00:54:25]  [%emt 00:01:33]} 20... Bc7 { [%clk 00:32:44]  [%emt 00:02:49]} 21.
Ng4 {[%clk 00:52:32]  [%emt 00:02:22]} 21... Kg7 {[%clk 00:30:31]  [%emt
00:02:43]} 22. Nf5+ { [%clk 00:35:46]  [%emt 00:17:17]} 22... Bxf5 {[%clk
00:23:43]  [%emt 00:07:17]} 23. exf5 {[%clk 00:35:59]  [%emt 00:00:17]} 23...
Bd8 { [%clk 00:22:51]  [%emt 00:01:22]} 24. fxg6 {[%clk 00:32:48]  [%emt
00:03:41]} 24... f6 {[%clk 00:22:57]  [%emt 00:00:24]} 25. Nxh6 { [%clk
00:29:09]  [%emt 00:04:09]} 1-0